<?xml version="1.0" encoding="UTF-8"?><?xml-stylesheet type="text/xsl" href="static/style.xsl"?><OAI-PMH xmlns="http://www.openarchives.org/OAI/2.0/" xmlns:xsi="http://www.w3.org/2001/XMLSchema-instance" xsi:schemaLocation="http://www.openarchives.org/OAI/2.0/ http://www.openarchives.org/OAI/2.0/OAI-PMH.xsd"><responseDate>2026-04-29T11:00:05Z</responseDate><request verb="GetRecord" identifier="oai:uvadoc.uva.es:10324/79986" metadataPrefix="marc">https://uvadoc.uva.es/oai/request</request><GetRecord><record><header><identifier>oai:uvadoc.uva.es:10324/79986</identifier><datestamp>2025-11-21T20:02:32Z</datestamp><setSpec>com_10324_38</setSpec><setSpec>col_10324_852</setSpec></header><metadata><record xmlns="http://www.loc.gov/MARC21/slim" xmlns:doc="http://www.lyncode.com/xoai" xmlns:xsi="http://www.w3.org/2001/XMLSchema-instance" xmlns:dcterms="http://purl.org/dc/terms/" xsi:schemaLocation="http://www.loc.gov/MARC21/slim http://www.loc.gov/standards/marcxml/schema/MARC21slim.xsd">
<leader>00925njm 22002777a 4500</leader>
<datafield tag="042" ind1=" " ind2=" ">
<subfield code="a">dc</subfield>
</datafield>
<datafield tag="720" ind1=" " ind2=" ">
<subfield code="a">Vallejo García, Paula</subfield>
<subfield code="e">author</subfield>
</datafield>
<datafield tag="260" ind1=" " ind2=" ">
<subfield code="c">2025</subfield>
</datafield>
<datafield tag="520" ind1=" " ind2=" ">
<subfield code="a">El presente trabajo analiza la Ley 15/2022, de 12 de julio, Integral para la Igualdad de Trato&#xd;
y la No Discriminación, examinando su estructura normativa, contenido y principales&#xd;
novedades. Se estudian las nuevas causas de discriminación reconocidas por la ley, así como&#xd;
las tipologías introducidas, con especial atención al ámbito laboral. Además, se aborda la&#xd;
integración de los modelos de igualdad de trato y de oportunidades, la creación de la&#xd;
Autoridad Independiente y el régimen sancionador, evaluando sus fortalezas y limitaciones.&#xd;
Finalmente, se realiza un análisis crítico de la norma, recogiendo las principales observaciones&#xd;
formuladas por la doctrina sobre sus ambigüedades conceptuales, técnica legislativa y&#xd;
dificultades de aplicación práctica.</subfield>
</datafield>
<datafield tag="520" ind1=" " ind2=" ">
<subfield code="a">This paper analyzes Law 15/2022, of July 12, Comprehensive Equality of Treatment and&#xd;
Non-Discrimination, examining its legal structure, content, and main innovations. It explores&#xd;
the new grounds of discrimination recognized by the law, as well as the types of&#xd;
discrimination introduced, with a particular focus on the labor sphere. Additionally, it&#xd;
addresses the integration of the models of equal treatment and equal opportunities, the&#xd;
creation of the Independent Authority, and the sanctioning regime, evaluating their strengths&#xd;
and limitations. Finally, the work offers a critical analysis of the law, highlighting the main&#xd;
observations made by legal scholars regarding its conceptual ambiguities, legislative&#xd;
technique, and challenges in practical implementation.</subfield>
</datafield>
<datafield tag="024" ind2=" " ind1="8">
<subfield code="a">https://uvadoc.uva.es/handle/10324/79986</subfield>
</datafield>
<datafield tag="245" ind1="0" ind2="0">
<subfield code="a">ANÁLISIS DE LA LEY 15/2022, DE 12 DE JULIO, INTEGRAL PARA LA IGUALDAD DE TRATO Y LA NO DISCRIMINACIÓN</subfield>
</datafield>
</record></metadata></record></GetRecord></OAI-PMH>